BÖYLE ŞEYLER FİLMLERDE OLUR (Record no. 919271)

MARC details
000 -LEADER
sabit uzunluktaki kontrol alanı 00261nam a2200097Ia 4500
001 - KONTROL NUMARASI
kontrol alanı 919271
005 - EN SON İŞLEMİN TARİH VE ZAMANI
kontrol alanı 20250826185948.0
008 - SABİT-UZUNLUKTA VERİ ÖĞELERİ--GENEL BİLGİ
sabit uzunluktaki kontrol alanı 250824s9999 xx 000 0 und d
245 #0 - ESER / YAZAR
ESER ADI BÖYLE ŞEYLER FİLMLERDE OLUR
Yazar Adı İSMAİL KILIÇARSLAN
260 ## - YAYIN, DAĞITIM, VB.
YAYIN EVİ KETEBE YAYINLARI
Holdings
Düşüm durumu Kayıp durumu Hasar Durumu Ödünç verilmez Ana kütüphane Geçerli Kütüphane Edinilen tarih Toplam ödünç verme sayısı Barkod Son görüntüleme tarihi Fiyatın geçerli olmaya başladığı tarih Koha materyal türü
        AYŞE- KEMAL İNANÇ ANADOLU İMAM HATİP LİSESİ AYŞE- KEMAL İNANÇ ANADOLU İMAM HATİP LİSESİ 24.08.2025   10472583 26.08.2025 26.08.2025 Books